000 00766nab a22002417a 4500
001 07584
003 HDC
007 cr bn ---aaaaa
008 210128c20150908my ||||| |||| 00| 0 may d
040 _aHDC
100 _aMohamad Hussin,
_eauthor
_98116
245 0 _aKerjasama industri PERTANIAN MAKANAN /
_cMohamad Hussin.
336 _atext
_2rdacontent
337 _acomputer
_2rdamedia
338 _aonline resource
_2rdacarrier
650 _aAgriculture
_91238
650 _aFood Industries
_95435
710 _aHarian Metro
856 _zRequest full-text at [email protected]
942 _2lcc
942 _cNEWS
942 _kNWSC 002007
999 _c4907
_d4907